L´Espagne religieuse et littéraire (Record no. 157237)
[ view plain ]
| 000 -LEADER | |
|---|---|
| campo de control de longitud fija | 00817nam a22002295i 4500 |
| 001 - NÚMERO DE CONTROL | |
| campo de control | 157237 |
| 003 - IDENTIFICADOR DE NÚMERO DE CONTROL | |
| campo de control | ES-MaACL |
| 005 - FECHA Y HORA DE LA ÚLTIMA TRANSACCIÓN | |
| campo de control | 20230906210628.0 |
| 008 - DATOS DE LONGITUD FIJA--INFORMACIÓN GENERAL | |
| campo de control de longitud fija | 990129s1863 fr |||| | fre d |
| 040 ## - FUENTE DE CATALOGACIÓN | |
| Centro catalogador/agencia de origen | CCPB | B |
| Lengua de catalogación | spa |
| Centro/agencia transcriptor | CCPB | B |
| 100 1# - ENTRADA PRINCIPAL--NOMBRE DE PERSONA | |
| Nombre de persona | Latour, Antoine de ( |
| Fechas asociadas al nombre | 1808-1881) |
| 9 (RLIN) | 128733 |
| 245 12 - MENCIÓN DEL TÍTULO | |
| Título | L´Espagne religieuse et littéraire |
| Resto del título | : Pages détachées / |
| Mención de responsabilidad, etc. | par Antoine de Latour. |
| 260 ## - PUBLICACIÓN, DISTRIBUCIÓN, ETC. | |
| Lugar de publicación, distribución, etc. | Paris : |
| Nombre del editor, distribuidor, etc. | Michel Levy Fréres, libraires-éditeurs, |
| Fecha de publicación, distribución, etc. | 1863 ( |
| Fabricante | Imp. Simón Raçon et comp.) |
| 300 ## - DESCRIPCIÓN FÍSICA | |
| Extensión | VII, 360 p. ; |
| Dimensiones | 19 cm. |
| 490 1# - MENCIÓN DE SERIE | |
| Mención de serie | Bibliothéque contemporaine |
| 596 ## - NOTA AL PIE DE IMPRENTA | |
| NOTA AL PIE DE IMPRENTA | Marca tip. en port. |
| 597 ## - NOTA DE DESCRIPCIÓN FÍSICA | |
| NOTA DE DESCRIPCIÓN FÍSICA | Antep. |
| 651 #4 - PUNTO DE ACCESO ADICIONAL DE MATERIA--NOMBRE GEOGRÁFICO | |
| Nombre geográfico | España- |
| Subdivisión general | Historia eclesiástica. |
| 9 (RLIN) | 8368 |
| 830 0# - PUNTO DE ACCESO ADICIONAL DE SERIE-TÍTULO UNIFORME | |
| Título uniforme | Bibliothéque contemporaine |
| 9 (RLIN) | 181673 |
| 852 ## - LOCALIZACIÓN | |
| Ubicación | ES-MaACL |
| Número de control de estantería | G-7578 |
| Nota libre | -- Enc. pasta |
| Estatus retirado | Estado de pérdida | Estado de daño | No para préstamo | Colección | Biblioteca de origen | Biblioteca actual | Ubicación en estantería | Fecha de adquisición | Fuente de adquisición | Total de préstamos | Signatura topográfica completa | Código de barras | Visto por última vez | Precio de reemplazo | Tipo de ítem Koha |
|---|---|---|---|---|---|---|---|---|---|---|---|---|---|---|---|
| Libros del s. XIX | Biblioteca del Ateneo de Madrid | Biblioteca del Ateneo de Madrid | Sala Pecera Planta 3 | 17/01/2008 | G-7578 | 1164539 | 23/02/2023 | 23/02/2023 | Libro impreso antiguo |
